000 00566nam a2200229Ia 4500
003 OSt
005 20221005115619.0
006 a|||||r|||| 00| 0
007 ta
008 221004b |||||||| |||| 00| 0 san d
024 _a61517
037 _cTextual
040 _aCRL
_cCRL
_bsan
041 _2san
_asan
082 _aO33,3NSI1,1, J4
100 _aVeerkesari Au.
_9627851
245 0 _aChitrakoota
260 _c1954
650 _aKANNAD FICTION
942 _hO33,3NSI1,1, J4
_cTEXL
_2cc
999 _c1035385
_d1035385